Имам Шамиль

গ্রন্থ-পঞ্জীর বিবরন
প্রধান লেখক: Казиев Ш. Шапи
ভাষা:রুশ
প্রকাশিত: Москва, Молодая гвардия, 2003
সংস্করন:2-е изд., испр.
মালা:Жизнь замечательных людей
Серия биографий Вып. 868
বিষয়গুলি:
বিন্যাস: গ্রন্থ
KOHA link:https://koha.lib.tpu.ru/cgi-bin/koha/opac-detail.pl?biblionumber=61189

MARC

LEADER 00000nam0a2200000 4500
001 61189
005 20231101211929.0
010 |a 5235022904 
035 |a (RuTPU)RU\TPU\book\64744 
090 |a 61189 
100 |a 20040304d2003 m y0rusy50 ca 
101 0 |a rus 
102 |a RU 
105 |a с z 000ab 
200 1 |a Имам Шамиль  |f Ш. Казиев 
205 |a 2-е изд., испр. 
210 |a Москва  |c Молодая гвардия  |d 2003 
215 |a 378 с.  |c портр. 
225 1 |a Жизнь замечательных людей 
225 1 |a Серия биографий  |v Вып. 868 
600 0 |a Шамиль  |c 3-й имам Дагестана и Чечни  |f 1799-1871  |2 stltpush  |3 (RuTPU)RU\TPU\pers\7667  |9 1492 
610 1 |a биографии 
610 1 |a Кавказская война 
610 1 |a история 
686 |a Т3(2)47-8  |v LBC/SL-A  |2 rubbk 
700 1 |a Казиев  |b Ш.  |g Шапи 
801 1 |a RU  |b 63413507  |c 20040304  |g PSBO 
801 2 |a RU  |b 63413507  |c 20060914  |g PSBO 
942 |c BK